000 01074cam a22002771i 4500
001 e 52000023
003 DLC
005 20260227111234.0
008 770406s1952 dcu b f000 0 eng c
010 _ae 52000023
035 _a(OCoLC)2865083
040 _aU.S. Office of Education. Library
_cDNIE
_dDLC
043 _an-us---
050 0 0 _aL111
_b.A6 1952, no. 1
051 _aKF4119
_b.K44 1952
082 _a379.1473
100 1 _aKeesecker, Ward W.
_q(Ward Wilbur),
_d1898-
245 1 0 _aKnow your school law /
_cby Ward. W. Keesecker.
260 _aWashington :
_bFederal Security Agency, Office of Education,
_c1952.
300 _aiv, 26 p. ;
_c23 cm.
410 1 0 _aUnited States.
_bOffice of Education.
_tBulletin,
_f1952,
_vno. 1
500 _aCopies 1 and 2 of L111.A6 bound with: Bulletin / United States. Office of Education, 1952, no. 2-1952, no. 11, subsequent to publication.
504 _aBibliography: p. 11-25.
650 0 _aEducational law and legislation
_zUnited States.
650 0 _aEducational law and legislation
_zUnited States
_xBibliography.
999 _c22170
_d22170